Every song in D>E>A>T>H>M>E>T>A>L-Panchiko - Statistics

General Stats
  • This quiz has been taken 36 times
  • The average score is 6 of 7
Answer Stats
Songs % Correct
D>E>A>T>H>M>E>T>A>L
100%
Laputa
96%
Kicking Cars
88%
The Eyes of Ibad
88%
Sodium Chloride
79%
Stabilisers For Big Boys
79%
CUT
75%
No matching quizzes found
Score Distribution
Percent of People with Each Score
Percentile by Number Answered
Your Score History
You have not taken this quiz